| 000 | 00498nam a2200169Ia 4500 | ||
|---|---|---|---|
| 008 | 230917s9999||||xx |||||||||||||| ||und|| | ||
| 020 | _cRS 1195.00 | ||
| 040 |
_e5013953 _aMAIN |
||
| 041 | _aEnglish | ||
| 082 | _a371.9 Y89S | ||
| 100 | _aYsseldyke, James E | ||
| 245 | 0 | _aSpecial education: A practical approach for teachers | |
| 260 |
_aNew Delhi _bKanishka Publishers, Distributors _c2016 |
||
| 300 | _axxiv, 523 p. | ||
| 500 | _a4177 23/11/2021 KPD21/434 23/11/2021 Main Budget | ||
| 942 | _cBK | ||
| 999 |
_c3495 _d3495 |
||